| 000 | 00359nam a2200145Ia 4500 | ||
|---|---|---|---|
| 008 | 230917s9999||||xx |||||||||||||| ||und|| | ||
| 040 |
_e181149 _aMAIN |
||
| 041 | _aEnglish | ||
| 082 | _a657.48 R138F | ||
| 100 | _aRajasekaran, V | ||
| 245 | 0 | _aFinancial accounting | |
| 260 |
_aNew Delhi _bPrarson Education _c2010 |
||
| 300 | _axxi, 1050 p. | ||
| 942 | _cBK | ||
| 999 |
_c164549 _d164549 |
||